Modul 1 : základy informačních systémů /

Hlavní autor: Naiman, Karel
Korporativní autor: Univerzita Hradec Králové. Fakulta informatiky a managementu
Jazyk: Čeština
Vydáno: Hradec Králové : Gaudeamus, 2002
Témata:
Fyzický popis: 94 s. : il. ; 30 cm
Knihy
Uloženo v:
LEADER 01487nam a2200385 a 4500
001 000648788
003 CZ BrMZK
005 20090302080710.0
007 ta
008 030127s2002 xr e p cze d
015 |a cnb001198006 
020 |a 80-7041-209-7  |q (brož.) 
035 |a (OCoLC)53272157 
040 |a BOA001  |b cze 
072 7 |a 004  |x Počítačová věda. Výpočetní technika. Informační technologie  |2 Konspekt  |9 23 
072 7 |a 37.016  |x Učební osnovy. Vyučovací předměty. Učebnice  |2 Konspekt  |9 22 
080 |a 004.382.7  |2 MRF 
080 |a 004.38-027.22  |2 MRF 
080 |a 007+004  |2 MRF 
080 |a (075.8)  |2 MRF 
100 1 |a Naiman, Karel  |7 ola2004204944  |4 aut 
245 1 0 |a Modul 1 :  |b základy informačních systémů /  |c [Karel Naiman] 
246 3 0 |a Modul 1 - základy informačních systémů 
246 3 0 |a Základy informačních systémů 
260 |a Hradec Králové :  |b Gaudeamus,  |c 2002 
300 |a 94 s. :  |b il. ;  |c 30 cm 
500 |a Vydavatel: Univerzita Hradec Králové 
650 0 7 |a osobní počítače  |7 ph115619  |2 czenas 
650 0 7 |a práce s počítačem  |7 ph115909  |2 czenas 
650 0 7 |a informační systémy  |7 ph114774  |2 czenas 
655 7 |a učebnice vysokých škol  |7 fd133772  |2 czenas 
710 2 |a Univerzita Hradec Králové.  |b Fakulta informatiky a managementu  |7 kn20020321790 
910 |a BOA001  |b 4-1111.992 
990 |a BK 
996 6 |b 2610180189  |c 4-1111.992  |l MZK  |r Sklad / do 1 hodiny  |n 1  |p p.v.  |w 000648788  |u 000010  |a 1  |e BOA001  |j MZK50  |s P